|
|
|
|
| LEADER |
00000nam a22000007a 4500 |
| 005 |
2022091903083.0 |
| 007 |
co|||| |||| |
| 008 |
220919s2014 us |||||s|||| 00||0 eng d |
| 020 |
|
|
|z 978-1-58576-168-5
|
| 035 |
|
|
|a 36424
|
| 040 |
|
|
|a vLex
|
| 090 |
|
|
|c 13947
|d 13947
|
| 100 |
1 |
|
|a Lee, Valerie Ann
|
| 245 |
1 |
3 |
|a The natural resource damage assessment deskbook
|h [Recurso electrn̤ico] :
|b A Legal and Technical Analysis /
|c Valerie Ann Lee, P. J. Bridgen
|
| 250 |
|
|
|a 2da. Edicin̤
|
| 256 |
|
|
|a Servicio en ln̕ea
|
| 260 |
|
|
|a Washington DC:
|b Environmental Law Institute,
|c 2014
|
| 300 |
|
|
|a 1 recurso electrn̤ico
|
| 500 |
|
|
|a The purpose of this deskbook is to provide a survey of the law and techniques associated with the common body of law, science, and economics constituting natural resource damage assessment. The frameworks for liability and the goals under the federal statutes providing a right of action for natural resource damages are substantially the same. The law and technical approaches for natural resource damage assessment under one statute tend to build the base for assessment under other statutes. Thus, natural resource damage assessment is best undertaken with an understanding of legal developments under all the federal natural resource damage statutes and the technical approaches used for assessment. The body of the deskbook presents both analysis of law and practical information about the elements of natural resource damage assessment and technical approaches used. The deskbook is written with both environmental managers and lawyers in mind.Complimentary review copies are not available for this title
|
| 506 |
1 |
|
|a Disponible solo en los productos indicados
|d vLex Global
|d vLex Global (Academic Edition, excluding Law Schools)
|d vLex Global (Academic Edition, Law Schools)
|
| 650 |
0 |
4 |
|a Derecho del Medio Ambiente
|z Estados Unidos
|
| 700 |
1 |
|
|a Bridgen, P. J.
|
| 740 |
0 |
|
|a vLex Libros (Servicio en ln̕ea)
|
| 856 |
4 |
0 |
|u https://app.vlex.com/#/sources/36424
|z Acceso restringido
|
| 942 |
|
|
|c BOOK
|
| 999 |
0 |
|
|a Environmental Law
|